000
00273nam a2200109Ia 4500
008
230907s9999||||xx |||||||||||||| ||und||
082
_a
620.5
_b
NAN
245
0
_a
Nanofluids :
260
_a
Wiley-Interscience,
_b
Hoboken, N.J. :
_c
2008
300
_a
xi, 397 p. :
942
_c
BK
999
_c
597738
_d
597738